La leyenda del picaflor /
Esto pasó hace mucho. Cuando el mundo era tan nuevo que las personas aún no lo habitaban. Sí, en cambio, los ríos y los arroyos. Las montañas y las piedras. Las flores y los pájaros, muchos pájaros. Pero no como los conocemos ahora. Porque aunque ya tenían alas para volar y voces con que trinar, tod...
Guardado en:
| Autor Principal: | |
|---|---|
| Otros Autores: | , , |
| Formato: | Libro |
| Idioma: | Undetermined |
| Publicado: |
Buenos Aires :
Sudamericana,
2004.
|
| Edición: | 1a ed. |
| Series: | Cuentamérica naturaleza / Gigliola Zecchin
|
| Materias: | |
| Etiquetas: |
Agregar Etiqueta
Sin Etiquetas, Sea el primero en etiquetar este registro!
|
| LEADER | 01233nam a22002535a 4500 | ||
|---|---|---|---|
| 001 | CEM.cems021287 | ||
| 008 | 240705s2004####ag############000#0#und#d | ||
| 005 | 20240705170819.0 | ||
| 245 | 1 | 0 | |a La leyenda del picaflor / |c Silvia Schujer y Marta Prada ; ilustrado por Oscar Rojas y Luciana Fernández. |
| 250 | |a 1a ed. | ||
| 260 | |a Buenos Aires : |b Sudamericana, |c 2004. | ||
| 300 | |a 32 p. | ||
| 490 | 1 | |a Cuentamérica naturaleza / Gigliola Zecchin | |
| 500 | |a Edad sugerida: a partir de 4 años. | ||
| 520 | |a Esto pasó hace mucho. Cuando el mundo era tan nuevo que las personas aún no lo habitaban. Sí, en cambio, los ríos y los arroyos. Las montañas y las piedras. Las flores y los pájaros, muchos pájaros. Pero no como los conocemos ahora. Porque aunque ya tenían alas para volar y voces con que trinar, todavía eran de un mismo y único color: marrones como la tierra. | ||
| 020 | |a 9500724510 | ||
| 100 | 1 | |a Schujer, Silvia. | |
| 700 | 1 | |a Prada, Marta. | |
| 700 | 1 | |a Rojas, Oscar; il. | |
| 700 | 1 | |a Fernández, Luciana; il. | |
| 653 | |a Mitos | ||
| 653 | |a Leyendas | ||
| 859 | |a CEMS |b BIB. CEMS - Inicial y Primaria |h 398.2 |i Sch80 |k IP |p 2202 |t Ej.1 | ||
| 859 | |a CEMS |b BIB. CEMS - Inicial y Primaria |h 398.2 |i Sch80 |k IP |p 4346 |t Ej.2 | ||
